000 00594nam a2200193 a 4500
001 000024093
005 20200930022719.0
008 110118s1998 ve a r 000 0 spa d
020 _a9802900354
040 _aDO-SdBNP
_bspa
_cBNPHU
082 _annnn
_bB663d, 1998
100 1 _aBobadilla, Gabriela,
_949493
245 1 0 _aDiario de un embarazo feliz /
_cGabriela Bobadilla.
250 _a9a ed.
260 _aCaracas, Venezuela :
_bUrania,
_c1998.
300 _a327, [8] p. :
_bil. ;
_c23 cm.
504 _aIncluye referencias bibliográficas y notas al pie de las páginas.
049 _aBNGR
999 _c23588
_d23588